| 000 | 00885nam a2200325Ia 4500 | ||
|---|---|---|---|
| 008 | 170203s9999 xx 000 0 und d | ||
| 020 | _a0-060213523 | ||
| 050 | _aFic | ||
| 050 | _bC672b | ||
| 100 | _aCoerr, Eleanor. | ||
| 245 | 4 | _aThe big balloon race / | |
| 245 | _cby Eleanor Coerr ; pictures by Carolyn Croll. | ||
| 260 | _aNew York, N.Y. : | ||
| 260 | _bHarper & Row, | ||
| 260 | _c1981 | ||
| 300 | _a62 pages : | ||
| 300 | _bcolor illustrations ; | ||
| 300 | _c22 cm. | ||
| 440 | _aI can read book. | ||
| 650 | _aBalloon ascensions -- | ||
| 650 | _aBallooning -- | ||
| 650 | _aMyers, Ariel -- | ||
| 650 | _aMyers, Carlotta, -- 1849-1932 -- | ||
| 650 | _aMyers, Carlotta, -- 1849-1932 -- | ||
| 650 | _xFiction. | ||
| 650 | _xJuvenile fiction. | ||
| 650 | _xJuvenile fiction. | ||
| 650 | _xJuvenile fiction. | ||
| 650 | _xJuvenile fiction. | ||
| 999 |
_c306388 _d306388 |
||